| 000 | 00851cam a22001815a 4500 | ||
|---|---|---|---|
| 001 | L156703 | ||
| 008 | 120626m18181823xxk f 000 0 eng d | ||
| 035 | _a(Sirsi) u156703 | ||
| 041 | 0 | _aeng | |
| 100 | 1 |
_aBrayley, E. W. _q(Edward Wedlake) _d1773-1854 |
|
| 245 | 0 | 4 |
_aThe history and antiquities of the abbey church of St. Peter, Westminster _bincluding notices and biographical memoirs of the abbots and deans of that foundation _cIllustrated by John Preston Neale. The whole of the literary department by Edward Wedlake Brayley |
| 260 |
_aLondon _bPublished by the proprietor, J. P. Neale, and sold also by Longman, Hurst, Rees, Orme, and Brown _c1818-1823 |
||
| 300 |
_a2 v., [62] plates _bill., plans _c31cm. |
||
| 520 | _aVol. 2: Printed for Hurst, Robinson, and Co. | ||
| 651 | 4 | _aLondon | |
| 690 | _aConservation and restoration | ||
| 942 | _n0 | ||
| 999 |
_c114371 _d114371 |
||